Dance Moms Trivia - Statistics

General Stats
  • This quiz has been taken 724 times
  • The average score is 5 of 15
Answer Stats
Hint Answer % Correct
Name of the Studio Abby Lee Dance Company
89%
Abby's Favourite Maddie
89%
Chloe's Little Sister Clara
51%
Paige and Brooke's Brother Josh
39%
Maddie' Full Name Madison Nicole Ziegler
31%
Kendall's Full Name Kendall K Vertes
28%
Nia's Full Name Nia Sioux Frazier
28%
Chloe's Full Name Chloe Elizabeth Lukasiak
24%
Name of the Dog Abby Gave Mackenzie Maliboo
24%
Paige's Full Name Paige Mackenzie Hyland
24%
Brooke's Full Name Brooke Marie Hyland
21%
Rival Studio Candy Apples Dance Centre
14%
Mackenzie's Middle Name Mackenzie Frances Ziegler
13%
Brooke's Birthday January 30th 1998
10%
Kendall's Sister's names Ryleigh and Charlotte
9%
No matching quizzes found
Score Distribution
Percent of People with Each Score
Percentile by Number Answered
Your Score History
You have not taken this quiz